Využitie ochrannej známky v marketingovej činnosti podniku bakalárska práca

Gespeichert in:
Bibliographische Detailangaben
1. Verfasser: Varga, Daniel
Körperschaft: Podnikovohospodárska fakulta EU so sídlom v Košiciach. Katedra obchodného podnikania
Weitere Verfasser: Bobenič Hintošová, Aneta, 1979-
Format: Buch
Sprache:Slowakisch
Veröffentlicht: Košice 2025
Tags: Tag hinzufügen
Keine Tags, Fügen Sie das erste Tag hinzu!

MARC

LEADER 00000nbm a2200000 4500
001 0310939
005 20260203130441.8
041 0 |a slo 
044 |a SK 
245 1 0 |a Využitie ochrannej známky v marketingovej činnosti podniku  |b bakalárska práca  |c Daniel Varga ; školiteľ: Aneta Bobenič Hintošová 
264 1 |a Košice  |c 2025 
300 |a 55 s. 
100 1 |a Varga, Daniel 
700 1 |a Bobenič Hintošová, Aneta, 1979- 
710 2 |a Podnikovohospodárska fakulta EU so sídlom v Košiciach. Katedra obchodného podnikania